<?xml version="1.0" encoding="UTF-8"?>
<record
    xmlns:xsi="http://www.w3.org/2001/XMLSchema-instance"
    xsi:schemaLocation="http://www.loc.gov/MARC21/slim http://www.loc.gov/standards/marcxml/schema/MARC21slim.xsd"
    xmlns="http://www.loc.gov/MARC21/slim">

  <leader>01490cam a2200241 a 4500</leader>
  <controlfield tag="001">000013032</controlfield>
  <controlfield tag="005">20200929163127.0</controlfield>
  <controlfield tag="008">820910s1934    ht            001 0 fre  </controlfield>
  <datafield tag="040" ind1=" " ind2=" ">
    <subfield code="a">DO-SdBNP</subfield>
    <subfield code="b">spa</subfield>
    <subfield code="c">LC</subfield>
    <subfield code="d">BNPHU</subfield>
  </datafield>
  <datafield tag="050" ind1="0" ind2="0">
    <subfield code="a">F1926</subfield>
    <subfield code="b">.B415</subfield>
  </datafield>
  <datafield tag="082" ind1=" " ind2=" ">
    <subfield code="a">nn*</subfield>
    <subfield code="b">B439h</subfield>
  </datafield>
  <datafield tag="100" ind1="1" ind2=" ">
    <subfield code="a">Bellegarde, Dant&#xE9;s,</subfield>
    <subfield code="d">1877-</subfield>
    <subfield code="9">30090</subfield>
  </datafield>
  <datafield tag="245" ind1="1" ind2="3">
    <subfield code="a">Un Haitien parle /</subfield>
    <subfield code="c">Dant&#xE9;s Bellegarde.</subfield>
  </datafield>
  <datafield tag="260" ind1=" " ind2=" ">
    <subfield code="a">Port-au-Prince :</subfield>
    <subfield code="b">Cheraquit,</subfield>
    <subfield code="c">1934.</subfield>
  </datafield>
  <datafield tag="300" ind1=" " ind2=" ">
    <subfield code="a">279, [1] p. ;</subfield>
    <subfield code="c">23 cm.</subfield>
  </datafield>
  <datafield tag="505" ind1="0" ind2=" ">
    <subfield code="a">Avant-propos -- Etudes et action sociales -- Haiti et France: relations morales et &#xE9;conomiques -- Haiti et son peuple -- Un programme d'education nationale -- La r&#xE9;forme de l'enseignement secondaire -- Recrutement et r&#xE9;tribution des instituteurs -- La commune et l'ecole -- Organisation rurale et agricole -- Le probl&#xE9;me de la misere en Haiti -- Les habitations &#xE0; bon march&#xE9; -- Une politique de la production -- Une politique de l'exportation -- Le r&#xE9;gime douanier d'Haiti -- Lib&#xE9;ration nationale et politique de paix int&#xE9;rieure -- Organisation de la paix: Am&#xE9;rique latine et Etats-Unis. -- Etats-Unis et Am&#xE9;rique latine a la S. D. N. -- L'Am&#xE9;rique et la crise mondiale -- Andrew Carnegie et la paix des peuples -- De Hoover a Roosevelt. -- Les noirs am&#xE9;ricains et nous.</subfield>
  </datafield>
  <datafield tag="651" ind1=" " ind2="0">
    <subfield code="a">Haiti</subfield>
    <subfield code="x">Social Conditions.</subfield>
    <subfield code="9">30091</subfield>
  </datafield>
  <datafield tag="650" ind1=" " ind2="0">
    <subfield code="a">Education</subfield>
    <subfield code="z">Haiti.</subfield>
    <subfield code="9">30092</subfield>
  </datafield>
  <datafield tag="651" ind1=" " ind2="0">
    <subfield code="a">Haiti</subfield>
    <subfield code="x">Economic Conditions.</subfield>
    <subfield code="9">30093</subfield>
  </datafield>
  <datafield tag="650" ind1=" " ind2="0">
    <subfield code="a">Peace.</subfield>
    <subfield code="9">29405</subfield>
  </datafield>
  <datafield tag="910" ind1=" " ind2=" ">
    <subfield code="a">Catalogaci&#xF3;n por copia / LC</subfield>
  </datafield>
  <datafield tag="049" ind1=" " ind2=" ">
    <subfield code="a">BNGR</subfield>
  </datafield>
  <datafield tag="952" ind1=" " ind2=" ">
    <subfield code="0">0</subfield>
    <subfield code="1">0</subfield>
    <subfield code="5">2</subfield>
    <subfield code="7">0</subfield>
    <subfield code="8">MO</subfield>
    <subfield code="a">GR</subfield>
    <subfield code="b">GR</subfield>
    <subfield code="c">CT</subfield>
    <subfield code="d">2009-11-19</subfield>
    <subfield code="i">LF1</subfield>
    <subfield code="l">0</subfield>
    <subfield code="o">nn* B439h</subfield>
    <subfield code="p">13032-10</subfield>
    <subfield code="r">2020-06-25</subfield>
    <subfield code="w">2020-06-25</subfield>
    <subfield code="y">2</subfield>
    <subfield code="Z">Pr&#xE9;stamo interno</subfield>
  </datafield>
  <datafield tag="999" ind1=" " ind2=" ">
    <subfield code="c">12676</subfield>
    <subfield code="d">12676</subfield>
  </datafield>
</record>
